000 00678nam a2200289Ia 4500
005 20260324143432.0
008 008 260324s9999 xx 000 0 eng d
020 _a9780429300837
037 _aEBOOK
040 _aCRL
040 _beng
040 _cCRL
041 _2eng
041 _aeng
084 _qCRL
100 _aRaul L. Madrid
_91215620
245 0 _aOverexposed
245 0 _bU.s. Banks Confront The Third World Debt Crisis
260 _bTaylor and Francis
260 _c1992
365 _a
365 _b230
856 _uhttp://www.taylorfrancis.com/books/9780429300837
942 _cEBOOK
999 _c1821019
_d1821019